Statistiques concernant Célébrités décédées en 2017

Cliquez ici pour prendre le quiz!

Statistiques générales

  • Ce quiz a été pris 61 fois
  • Le résultat moyen est 6 sur 20

Statistiques - réponses

Réponse% Correct
Simone Veil
95%
Johnny Hallyday
91%
Jean Rochefort
65%
Jean d'Ormesson
58%
Liliane Bettencourt
46%
Roger Moore
46%
Mireille Darc
39%
Helmut Kohl
37%
Claude Rich
26%
Jeanne Moreau
26%
Victor Lanoux
21%
Chuck Berry
16%
Jerry Lewis
12%
John Hurt
11%
Emmanuelle Riva
9%
Jonghyun
7%
Jean-Claude Bouillon
5%
Bill Paxton
4%
Harry Dean Stanton
4%
Adam West
2%

Distribution des résultats

Percentile par nombre de réponses

% des personnes avec chaque résultat

Votre développement - résultats

Vous n’avez pas pris ce quiz